000 01327nam a22003134a 4500
001 ebr5006908
003 CaPaEBR
006 m u
007 cr cn|||||||||
008 000308s2000 txuab sb 001 0deng
010 _z 00028678
020 _z1574411233 (cloth : alk. paper)
040 _aCaPaEBR
_cCaPaEBR
035 _a(OCoLC)50321448
050 1 4 _aDS559.5
_b.E28 2000eb
082 0 4 _a959.704/38
_aB
_221
100 1 _aEdwards, Fred.
245 1 4 _aThe bridges of Vietnam
_h[electronic resource] :
_bfrom the journals of U.S. Marine intelligence officer /
_cby Fred L. Edwards, Jr.
260 _aDenton, Tex. :
_bUniversity of North Texas Press,
_cc2000.
300 _axv, 273 p. :
_bill., maps.
504 _aIncludes bibliographical references (p. 260-261) and index.
533 _aElectronic reproduction.
_bPalo Alto, Calif. :
_cebrary,
_d2013.
_nAvailable via World Wide Web.
_nAccess may be limited to ebrary affiliated libraries.
600 1 0 _aEdwards, Fred
_vDiaries.
610 1 0 _aUnited States.
_bMarine Corps
_vBiography.
650 0 _aVietnam War, 1961-1975
_vPersonal narratives, American.
655 7 _aElectronic books.
_2local
710 2 _aebrary, Inc.
856 4 0 _uhttp://site.ebrary.com/lib/rucke/Doc?id=5006908
_zAn electronic book accessible through the World Wide Web; click to view
999 _c6241
_d6241